Galliford Try takes top spot after big wins (Record no. 82988)

MARC details
000 -LEADER
fixed length control field 00795cab a22001935a 4500
001 - CONTROL NUMBER
control field L152526
008 - FIXED-LENGTH DATA ELEMENTS--GENERAL INFORMATION
fixed length control field 110323e20110317xxk 000 0 eng d
035 ## - SYSTEM CONTROL NUMBER
System control number (Sirsi) u152526
041 0# - LANGUAGE CODE
Language code of text/sound track or separate title eng
100 1# - MAIN ENTRY--PERSONAL NAME
Personal name McKenna, John
245 00 - TITLE STATEMENT
Title Galliford Try takes top spot after big wins
Remainder of title contracts
260 ## - PUBLICATION, DISTRIBUTION, ETC.
Date of publication, distribution, etc. 2011
490 ## - SERIES STATEMENT
Series statement Construction News
Volume/sequential designation (7209) 17 March 2011, 22-23(2)
520 ## - SUMMARY, ETC.
Summary, etc. Summary of contract activity in the UK in February 2011 with tables of top 50 contractors and top 10 clients; tables for the past twelve months of top 50 contractors, top 10 architects, top 10 consulting engineers and top 10 quantity surveyors, number of deals and contract win totals.
590 ## - LOCAL NOTE (RLIN)
Local note KA
651 #4 - SUBJECT ADDED ENTRY--GEOGRAPHIC NAME
Geographic name United Kingdom
Chronological subdivision
690 ## - LOCAL SUBJECT ADDED ENTRY--TOPICAL TERM (OCLC, RLIN)
Topical term or geographic name as entry element BUILT ENVIRONMENT-CONSTRUCTION MARKET
942 ## - ADDED ENTRY ELEMENTS (KOHA)
Suppress in OPAC 0
Holdings
Withdrawn status Lost status Source of classification or shelving scheme Damaged status Not for loan Home library Current library Shelving location Date acquired Total Checkouts Full call number Barcode Date last seen Copy number Price effective from Koha item type
    Dewey Decimal Classification     London London Journal article 23/03/2011   L152526 152526-1001 06/08/2019 1 06/08/2019 Journal article